James Bond Villains-Sudden Death - Statistics

General Stats
  • This quiz has been taken 120 times
  • The average score is 10 of 16
Answers on the Grid
Answers color-coded by a green-red scale on the quiz's grid according to % correct below.
Dr. No
Auric Goldfinger
Ambrose Burnside
Dr. Phibes
Dr. Kananga
General Koskov
General Orlov
Lt. Col. Podosvsky
Walter Donovan
Dr. Daka
Elliot Carver
René Belloq
Raoul Silva
Dominic Greene
Orson Krennic
Orson Welles
Ernst Stavro Blofeld
Emilio Largo
Tov Kronsteen
Jack Torrance
Alec Trevelyan
Ted Bundy
Boris Grishenko
Anton Chigurh
Elektra King
Rosa Klebb
Ursula
Dr. Coffin
Dr.Zaius
Jim Moriarty
Le Chiffre
James Buchanan
 
Answer Stats
Answer % Correct
Dr. No
98%
Auric Goldfinger
90%
Dr. Kananga
71%
Ernst Stavro Blofeld
71%
Le Chiffre
63%
General Koskov
62%
General Orlov
60%
Raoul Silva
58%
Elektra King
57%
Rosa Klebb
53%
Emilio Largo
52%
Alec Trevelyan
51%
Elliot Carver
51%
Boris Grishenko
50%
Dominic Greene
49%
Tov Kronsteen
23%
No matching quizzes found
Score Distribution
Percent of People with Each Score
Percentile by Number Answered
Your Score History
You have not taken this quiz